| 000 | 00798nam a22002657a 4500 | ||
|---|---|---|---|
| 001 | 0001254 | ||
| 003 | DO-SdBNP | ||
| 005 | 20230505134820.0 | ||
| 007 | 0001254 | ||
| 008 | 160610b 2003 sp ||| 00| 0 spa d | ||
| 020 | _a8489669635 | ||
| 040 |
_aBPMSU _bspa _cBPMSU |
||
| 082 | 4 |
_a861.6 _bM149p 2003 _222 |
|
| 100 | 1 |
_aMachado, Antonio, _d1875-1939. |
|
| 245 | 1 | 0 |
_aProverbios y cantares / _cAntonio Machado. |
| 260 |
_aMadrid : _bEl País, _c2003. |
||
| 300 |
_a189 p. ; _c23 cm. |
||
| 490 | 0 |
_aClásicos del siglo XX, _v1 |
|
| 500 | _aIncluye datos biográficos del autor en la solapa de la contracubierta. | ||
| 590 | _6Inventariado, 2022/VM | ||
| 650 | 4 |
_aPoesía española _ySiglo XX |
|
| 650 | 4 | _aLiteratura española | |
| 910 | _aLOPEREZ/ VMateo V. /Validado | ||
| 942 |
_2ddc _cBK |
||
| 999 |
_c10357 _d10357 |
||